000 00301nam a22001337a 4500
008 170421b xxu||||| |||| 00| 0 eng d
020 _a060467371
041 _aeng
080 _a573
100 _a11
101 _aSHM
245 _aTHE PSYCHOBIOLOGY OF SENSORY CODING
_cUTTAL, W.R
942 _2udc
_cBK
999 _c11544
_d11544